| 000 | 00604cam a2200217 4500 | ||
|---|---|---|---|
| 008 | 090401t1985 xxu||||| |||| 00| 0 eng d | ||
| 020 | _a0946700125 | ||
| 035 | _a(Sirsi) u33709 | ||
| 041 | _aeng | ||
| 050 | _a711.026 | ||
| 100 | _aWaterson, G. | ||
| 245 | _aTown and country planning law | ||
| 260 |
_aLondon _bHenry Stewart Publications _c1985 |
||
| 300 | _a46p. ; 22cm. | ||
| 350 | _a0 | ||
| 490 |
_aHenry Stewart Briefings for Surveyors _v3 |
||
| 520 | _aPublished jointly with Portsmouth Polytechnic Department of Surveying . | ||
| 650 | _aPLANNING | ||
| 942 | _n0 | ||
| 948 | _c04/03/1997 | ||
| 999 |
_c89837 _d89837 |
||